[Event "Zalakaros op"]
[Site "Zalakaros"]
[Date "1992.??.??"]
[Round "8"]
[White "Horvath, Tamas"]
[Black "Kiss, Pal"]
[Result "1-0"]
[WhiteElo "2410"]
[BlackElo "2410"]

1.e4 c5 2.Nf3 Nc6 3.Nc3 e5 4.Bc4 Be7 5.d3 d6 6.Nd2 Bg5 7.Nf1 Bxc1 8.Rxc1 Nf6
9.Ne3 O-O 10.O-O Be6 11.Qd2 Ne7 12.Rce1 a6 13.a4 Qd7 14.a5 Rae8 15.Re2 Nh5
16.g3 f5 17.Ncd5 Nxd5 18.exf5 Bf7 19.Nxd5 Qxf5 20.f4 Qh3 21.f5 Nf6 22.Nc7 Re7
23.Bxf7+ Rfxf7 24.Ne6 Qh5 25.Kg2 Ng4 26.h3 Nh6 27.Ng5 Rxf5 28.g4 Rxg5 29.Ref2 Rf7
30.Rxf7 Nxf7 31.Qf2 h6 32.Qf3 Qg6 33.Qxb7 h5 34.Qxa6 hxg4 35.Qc8+ Kh7 36.h4 Rh5
37.Kg3 Nh6 38.Rf8 Nf5+ 39.Kf2 g3+ 40.Kg1 Qg4 41.Rh8+ Kg6 42.Qe8+ Kf6 43.Rf8+  1-0

[Event "Zalakaros op"]
[Site "Zalakaros"]
[Date "1992.??.??"]
[Round "9"]
[White "Purtov, Andrei"]
[Black "Horvath, Tamas"]
[Result "0-1"]
[WhiteElo "2435"]
[BlackElo "2410"]

1.e4 c5 2.Nc3 Nc6 3.Nf3 e6 4.g3 d6 5.Bg2 Nf6 6.O-O Be7 7.d4 cxd4 8.Nxd4 Bd7
9.a4 O-O 10.b3 a6 11.Bb2 Qc7 12.Nde2 Rfd8 13.Nf4 Be8 14.Qe2 Nb4 15.Rac1 Rab8
16.Rfd1 b5 17.axb5 axb5 18.Rd2 Na6 19.Rcd1 b4 20.Na2 Bb5 21.Qe1 e5 22.Nd3 Bc6
23.Re2 Qb6 24.Ra1 Nd7 25.Bc1 Ndc5 26.Be3 Bf6 27.Nac1 Qb7 28.Nxc5 Nxc5 29.f3 Be7
30.Qf2 Ra8 31.Rxa8 Rxa8 32.Re1 Ra1 33.Bxc5 dxc5 34.Nd3 Rxe1+ 35.Qxe1 Qd7
36.Qe3 Bb5 37.Ne1 c4 38.Bf1 cxb3 39.cxb3 Qc8 40.Kg2 Bc5 41.Qd2 Bxf1+ 42.Kxf1 Qh3+
43.Qg2 Qd7 44.Qc2 Qd4 45.Ke2 g6 46.Qd2 Qg1 47.Kd1 Kg7 48.g4 Bf2 49.h3 Qg3
50.Ke2 Bc5 51.Kd3 Be7 52.Kc4 Qg1 53.Nc2 Qc5+ 54.Kd3 Qb5+ 55.Ke3 Bg5+  0-1

[Event "Casablanca"]
[Site "Zaragoza"]
[Date "1992.??.??"]
[Round "?"]
[White "Torrecillas Martinez, Antonio"]
[Black "Garcia, Raul"]
[Result "1-0"]
[WhiteElo "2325"]
[BlackElo "2270"]

1.e4 c5 2.Nc3 Nc6 3.Nge2 d6 4.d4 cxd4 5.Nxd4 Nf6 6.Be3 e5 7.Nf3 Be7 8.Bc4 O-O
9.O-O Na5 10.Bb3 h6 11.Qd3 Nxb3 12.axb3 a6 13.Nd2 Be6 14.Nc4 Bxc4 15.bxc4 Qc7
16.Ra4 Rac8 17.f3 Qc6 18.Rfa1 Rfe8 19.Bf2 b5 20.cxb5 axb5 21.Rb4 d5 22.exd5 Nxd5
23.Nxd5 Bxb4 24.Nxb4 Qc4 25.Qxc4 Rxc4 26.c3 Rd8 27.Be3 f5 28.Re1 Kf7 29.Kf2 g5
30.Ke2 f4 31.Bb6 Rd6 32.Bf2 h5 33.Ra1 Rc7 34.Ra5 Rcd7 35.Be1 Re6 36.Rxb5 e4
37.Bf2 exf3+ 38.Kxf3 Rd2 39.Rxg5 Rxb2 40.Bd4 Ree2 41.Nd3 Rbc2 42.Nxf4  1-0

[Event "Zuerich op"]
[Site "Zuerich"]
[Date "1992.??.??"]
[Round "?"]
[White "Lendwai, Reinhard"]
[Black "Brendel, Oliver"]
[Result "1/2-1/2"]
[WhiteElo "2415"]
[BlackElo "2350"]

1.e4 c5 2.Nf3 Nc6 3.Nc3 g6 4.g3 Bg7 5.Bg2 d6 6.O-O Nf6 7.d3 Rb8 8.h3 b5 9.a3 a5
10.Be3 b4 11.axb4 axb4 12.Ne2 O-O 13.Nh4 Ne8 14.Qc1 Nd4 15.Bxd4 cxd4 16.c3 Nc7
17.Nf3 e5 18.Qd2 Bd7 19.Ra2 Nb5 20.Ra4 Nxc3 21.Ra7 Nb5 22.Ra4 Nc3 23.Ra7 Nb5
24.Ra4  1/2-1/2

[Event "Zuerich op"]
[Site "Zuerich"]
[Date "1992.??.??"]
[Round "?"]
[White "Franzoni, Giancarlo"]
[Black "Plachetka, Jan"]
[Result "0-1"]
[WhiteElo "2440"]
[BlackElo "2475"]

1.e4 c5 2.Nc3 Nc6 3.Nge2 d6 4.d4 cxd4 5.Nxd4 e6 6.Nb3 a6 7.Bd3 Nf6 8.O-O Qc7
9.f4 b5 10.Be3 Be7 11.a3 Bb7 12.Qf3 O-O 13.Qh3 Rfe8 14.Rae1 b4 15.Ne2 bxa3
16.bxa3 e5 17.Ng3 exf4 18.Bxf4 Ne5 19.Nf5 Bf8 20.Nbd4 Ng6 21.Qf3 Nxf4 22.Qxf4 g6
23.Qh4 gxf5 24.Rxf5 Bg7 25.Rg5 Re5 26.Nf5 Rxf5 27.exf5 Qc3 28.Rf1 Kf8 29.Rg3 h6
30.Qf4 Qe5 31.Qb4 Qc5+ 32.Qxc5 dxc5 33.Rb1 Bd5 34.c4 Be4 35.Rb6 Rd8 36.Bf1 Nh5
37.Rg4 Bxf5 38.Rh4 Bd4+ 39.Kh1 Bg6 40.g3 Re8 41.Rxa6 Re1 42.Kg2 Ng7 43.Ra8+ Ke7
44.Ra7+ Kd6 45.Rxh6 Nf5 46.Rxg6+ fxg6 47.Bd3 Re3 48.Bb1 Rb3 49.Bxf5 gxf5
50.Ra6+ Ke5 51.h4 Rb2+ 52.Kh1 Ke4 53.h5 Kf3 54.Rg6 Be5  0-1

[Event "Zuerich op"]
[Site "Zuerich"]
[Date "1992.??.??"]
[Round "?"]
[White "Atlas, Valeri"]
[Black "Trauth, Michael"]
[Result "0-1"]
[WhiteElo "2450"]
[BlackElo "2240"]

1.e4 c5 2.Nf3 Nc6 3.Nc3 g6 4.d4 cxd4 5.Nxd4 Bg7 6.Nde2 d6 7.g3 Bg4 8.Bg2 Nd4
9.Qd3 Nxe2 10.Nxe2 Rc8 11.c3 Qc7 12.O-O Nf6 13.Be3 O-O 14.Nf4 a6 15.Rfe1 Qc4
16.Bd2 b5 17.Qxc4 Rxc4 18.b3 Rc7 19.a4 Rfc8 20.axb5 axb5 21.Ra5 Bh6 22.e5 dxe5
23.Rxe5 Rd8 24.Be1 Rd1 25.Raxb5 Rxc3 26.Rb8+ Kg7 27.Rb7 Nd7 28.Rxe7 Bxf4
29.gxf4 Rcc1 30.Kf1 Be6 31.Rxe6 fxe6 32.Rxd7+ Rxd7 33.Ke2 Rc2+ 34.Ke3 Rd1
35.Ba5 Rb1 36.b4 Rc4 37.Kd3 Rbxb4 38.Bxb4 Rxb4 39.Ke3 Kf6 40.Be4 Rb3+ 41.Bd3 e5
42.fxe5+ Kxe5 43.f4+ Kf6 44.Ke4 Rb2 45.h3 Rh2 46.Bf1 Rh1 47.Bg2 Rg1 48.Bf3 Re1+
49.Kd3 Kf5 50.Kd2 Kxf4  0-1

[Event "Aalborg op"]
[Site "Aalborg"]
[Date "1993.??.??"]
[Round "1"]
[White "Nielsen, Peter Heine"]
[Black "Nielsen, Niels Peter"]
[Result "1-0"]
[WhiteElo "2465"]
[BlackElo "2245"]

1.e4 c5 2.Nc3 Nc6 3.Nge2 Nf6 4.d4 cxd4 5.Nxd4 g6 6.Nxc6 dxc6 7.Qxd8+ Kxd8
8.Bc4 Ke8 9.f3 Nd7 10.a4 Bg7 11.Be3 Nf8 12.a5 Be6 13.Be2 Nd7 14.O-O f6 15.f4 Bf7
16.Ra4 Kd8 17.Rd1 Kc7 18.Bc4 e6 19.Bb3 b5 20.Rad4 Rad8 21.R4d2  1-0

[Event "Aalborg op"]
[Site "Aalborg"]
[Date "1993.??.??"]
[Round "3"]
[White "Hector, Jonny"]
[Black "Sherbakov, Ruslan"]
[Result "1/2-1/2"]
[WhiteElo "2470"]
[BlackElo "2570"]

1.e4 c5 2.Nf3 Nc6 3.Nc3 e5 4.Bc4 d6 5.d3 Be7 6.O-O Be6 7.Nd5 Nf6 8.Ng5 Bxd5
9.exd5 Nb8 10.b4 cxb4 11.Qe1 Nbd7 12.Qxb4 Nb6 13.Bb5+ Kf8 14.c4 Nfxd5 15.cxd5 Bxg5
16.Bxg5 Qxg5 17.f4 exf4 18.Rae1 Qxd5 19.Qxf4 f6 20.Bc4 Nxc4 21.dxc4 Qc5+
22.Kh1 Kf7 23.Qe4 Rhe8 24.Rxf6+ gxf6 25.Qxh7+  1/2-1/2

[Event "DEN-chJ"]
[Site "Aarhus"]
[Date "1993.??.??"]
[Round "9"]
[White "Berzinsh, Roland"]
[Black "Aagaard, Jacob"]
[Result "1/2-1/2"]
[WhiteElo "2395"]
[BlackElo "2205"]

1.e4 c5 2.Nc3 Nc6 3.Nge2 d6 4.d4 cxd4 5.Nxd4 Nf6 6.Bc4 e6 7.Bb3 Be7 8.Be3 a6
9.O-O O-O 10.f4 Nxd4 11.Bxd4 b5 12.e5 dxe5 13.fxe5 Nd7 14.Ne4 Bb7 15.Nd6 Bxd6
16.exd6 Qg5 17.Qe2 a5 18.a4 b4 19.Bc4 e5 20.Be3 Qg6 21.Rad1 Rac8 22.Rf2 Kh8
23.h4 f5 24.Bg5 f4 25.Bb5 Bc6 26.Qg4 Nf6 27.Qe6 Rfe8 28.Qc4 Bd7 29.Qf1 Red8
30.Bxd7 Rxd7 31.Qb5 Qf5 32.Bxf6 gxf6 33.Rxf4 Qxf4 34.Qxd7 Rxc2 35.Qe8+ Kg7
36.Qe7+ Kg8 37.Qe8+ Kg7 38.Qe7+  1/2-1/2

[Event "Alcobendas m"]
[Site "Alcobendas"]
[Date "1993.??.??"]
[Round "3"]
[White "Illescas Cordoba, Miguel"]
[Black "Kramnik, Vladimir"]
[Result "1/2-1/2"]
[WhiteElo "2625"]
[BlackElo "2710"]

1.e4 c5 2.Nf3 Nc6 3.Nc3 d6 4.d4 cxd4 5.Nxd4 Nf6 6.Bg5 e6 7.Qd2 Be7 8.O-O-O O-O
9.Nb3 Qb6 10.f3 Rd8 11.Kb1 Qc7 12.Bf4 a6 13.g4 Ne5 14.g5 Nfd7 15.Qg2 b5 16.Bc1 Bb7
17.f4 b4 18.Ne2 Nc4 19.Ng3 d5 20.Qe2 Ndb6 21.exd5  1/2-1/2

[Event "Alcobendas op"]
[Site "Alcobendas"]
[Date "1993.??.??"]
[Round "7"]
[White "Rivera, Daniel"]
[Black "Estremera Panos, Sergio"]
[Result "0-1"]
[WhiteElo "2415"]
[BlackElo "2365"]

1.e4 c5 2.Nc3 Nc6 3.Nf3 d6 4.d4 cxd4 5.Nxd4 Nf6 6.g3 a6 7.Bg2 Bd7 8.O-O e6
9.a4 Be7 10.b3 Rc8 11.Bb2 O-O 12.Nde2 Qc7 13.Qd2 Rfd8 14.Nf4 Be8 15.Rfc1 b6
16.Qe2 Nb4 17.Nd1 b5 18.axb5 axb5 19.Ne3 Qb6 20.Ng4 Nxg4 21.Qxg4 e5 22.c3 Bd7
23.Qf3 exf4 24.cxb4 fxg3 25.Qxg3 Bf8 26.e5 dxe5 27.Bxe5 Rxc1+ 28.Rxc1 Rc8
29.Rxc8 Bxc8 30.Bd5 Be6 31.Be4 Qd8 32.Bd3 Qd5 33.Bf1 Bd7 34.h3 Bc6 35.Bg2 Qxg2+
36.Qxg2 Bxg2 37.Kxg2 Bxb4 38.Kf3 f6 39.Bd4 Kf7 40.Ke4 Ke6 41.f3 f5+ 42.Kd3 g6
43.Ke3 Kd5 44.Kd3 Be7 45.Bg7 h5 46.f4 g5 47.fxg5 Bxg5 48.Bc3 Bf4 49.Bb4 Bd6
50.Be1 f4 51.Bc3 Bc5 52.Bd2 f3 53.Bc3 Bb6 54.Bf6 Ke6 55.Bh4 Kf5 56.Bg3 Bc5
57.Bc7 Bd4 58.Bg3 Bb6 59.Bd6 Ke6 60.Bf8 Kd5 61.Bg7 f2 62.Ke2 Ke4 63.Bf8 Be3
64.Bd6 Kd4 65.b4 Kc4 66.Be7 Bd2 67.Kxf2 Bxb4 68.Bf6 Bc5+ 69.Ke2 b4 70.Kd2 Bd4
71.Be7 b3 72.Ba3 Bc3+ 73.Ke3  0-1

[Event "Alcobendas op"]
[Site "Alcobendas"]
[Date "1993.??.??"]
[Round "9"]
[White "Westerinen, Heikki MJ"]
[Black "San Segundo, Pablo"]
[Result "0-1"]
[WhiteElo "2385"]
[BlackElo "2440"]

1.e4 c5 2.Nc3 Nc6 3.Nge2 g6 4.d4 cxd4 5.Nxd4 Bg7 6.Be3 d6 7.Be2 Nf6 8.O-O O-O
9.Nb3 a6 10.f4 Rb8 11.Bf3 Be6 12.Nd5 Bxd5 13.exd5 Na5 14.Nxa5 Qxa5 15.Qe1 Qxe1
16.Rfxe1 Nd7 17.c3 b5 18.Bf2 Rfe8 19.Re2 Kf8 20.Rd1 Rb7 21.g4 Rc8 22.Bd4 Nc5
23.Kg2 a5 24.Kg3 b4 25.cxb4 axb4 26.b3 Bxd4 27.Rxd4 Nd7 28.g5 Rc3 29.Kf2 Nc5
30.Red2 Kg7 31.h4 h6 32.Ke2 Rb8 33.gxh6+ Kxh6 34.Rc4 Rxc4 35.bxc4 Kg7 36.Kf2 Ra8
37.Kg2 Ra3 38.Be2 Na4 39.Bd1 Nc5 40.Be2 Ne4 41.Rb2 Nc3 42.Kf2 Rxa2 43.Rxa2 Nxa2
44.Ke3 Nc3 45.Bd3 Kh6 46.Bc2 f5 47.Kd4 Kh5 48.c5 Nb5+  0-1

[Event "Arandjelovac"]
[Site "Arandjelovac"]
[Date "1993.??.??"]
[Round "11"]
[White "Drozdov, Igor"]
[Black "Zontakh, Andrey"]
[Result "1-0"]
[WhiteElo "2375"]
[BlackElo "2455"]

1.e4 c5 2.Ne2 Nc6 3.Nbc3 Nf6 4.g3 d5 5.exd5 Nxd5 6.Bg2 Nxc3 7.Nxc3 e6 8.d3 Be7
9.O-O O-O 10.Be3 Bd7 11.Ne4 b6 12.f4 Rc8 13.c3 Qc7 14.Qb3 Rfe8 15.Rad1 Bf8
16.Ng5 h6 17.Ne4 Ne7 18.g4 Bc6 19.f5 Nd5 20.Bc1 exf5 21.Rxf5 Re5 22.Rdf1 Rxf5
23.Rxf5 Rd8 24.g5 Qd7 25.Rf2 Ba4 26.Qa3 c4 27.b4 cxd3 28.gxh6 Bb5 29.Qb3 Qc7
30.Bd2 Bc4 31.Qd1 g6 32.h7+ Kxh7 33.Ng5+ Kg8 34.Rxf7 Qe5 35.Qf3 Bg7 36.Rxg7+ Qxg7
37.Ne6 Qe7 38.Nxd8 Qxd8 39.Qg4 b5 40.Qxg6+ Kh8 41.Bxd5 Bxd5 42.c4  1-0

[Event "Arandjelovac"]
[Site "Arandjelovac"]
[Date "1993.??.??"]
[Round "12"]
[White "Drozdov, Igor"]
[Black "Cabrilo, Goran"]
[Result "1/2-1/2"]
[WhiteElo "2375"]
[BlackElo "2530"]

1.e4 c5 2.Nf3 Nc6 3.Nc3 e5 4.Bc4 d6 5.d3 Be7 6.O-O Be6 7.Be3 h6 8.Nd5 Nf6
9.Nxf6+ Bxf6 10.c3 O-O 11.Bxe6 fxe6 12.d4 cxd4 13.cxd4 exd4 14.Nxd4 Bxd4
15.Bxd4 d5 16.exd5 exd5 17.Qg4 Rf7 18.Rfd1 Qd6 19.h3 Re8 20.Be3 Re6 21.Rac1 Kh7
22.Bc5 Qe5 23.Bd4 Nxd4 24.Qxd4 Qxd4 25.Rxd4 Re2 26.f3 Rxb2 27.a4 Ra2 28.Rc5 Rf6  1/2-1/2

[Event "Athens op"]
[Site "Athens"]
[Date "1993.??.??"]
[Round "5"]
[White "Radovanovic, Jovica"]
[Black "Nikolaidis, Konstantinos"]
[Result "1-0"]
[WhiteElo "2230"]
[BlackElo "2315"]

1.e4 c5 2.Nc3 Nc6 3.Nge2 Nf6 4.g3 d6 5.Bg2 e6 6.O-O Be7 7.d3 O-O 8.h3 Rb8
9.f4 Qc7 10.g4 Nd7 11.Ng3 Re8 12.g5 Bf8 13.Nce2 b5 14.c3 a5 15.Rf2 Bb7 16.f5 Nb6
17.Nf4 c4 18.g6 fxg6 19.Nxe6 Rxe6 20.fxe6 cxd3 21.Qxd3 b4 22.cxb4 axb4 23.Be3 Bc8
24.Qb3 Qe7 25.Bxb6 Rxb6 26.Raf1  1-0

[Event "AUT-ch"]
[Site "?"]
[Date "1993.??.??"]
[Round "1"]
[White "Wach, Markus"]
[Black "Klinger, Josef"]
[Result "1/2-1/2"]
[WhiteElo "2345"]
[BlackElo "2435"]

1.e4 c5 2.Nf3 Nc6 3.Nc3 e5 4.Bc4 d6 5.d3 Be7 6.Nd5 Nf6 7.c3 O-O 8.O-O Nxd5
9.Bxd5 Be6 10.Bxe6 fxe6 11.Be3 Qe8 12.d4 cxd4 13.cxd4 Qg6 14.d5 Nd8 15.Nd2 Bg5
16.Bxg5 Qxg5 17.Nc4 Qe7 18.dxe6 Nxe6 19.Qxd6 Qxd6 20.Nxd6 Nd4 21.Rfd1 b5
22.a4 a6 23.axb5 axb5 24.Rxa8 Rxa8 25.Nf5 Nxf5 26.exf5 Ra2 27.Rb1 Kf7 28.g4 Kf6
29.Kg2 h5 30.h3 b4 31.Kg3 b3 32.f3 Kg5 33.h4+ Kf6 34.Kf2 Ra4  1/2-1/2

[Event "AUT-ch"]
[Site "?"]
[Date "1993.??.??"]
[Round "3"]
[White "Neulinger, Manfred"]
[Black "Wach, Markus"]
[Result "0-1"]
[WhiteElo "2290"]
[BlackElo "2345"]

1.e4 c5 2.Nc3 Nc6 3.Nge2 Nf6 4.g3 d6 5.Bg2 e6 6.O-O Be7 7.d4 cxd4 8.Nxd4 Bd7
9.Ndb5 Qb8 10.Bg5 a6 11.Bxf6 gxf6 12.Nd4 Nxd4 13.Qxd4 Qa7 14.Qd2 Qc5 15.Rfe1 Ra7
16.a4 b6 17.a5 b5 18.Na2 Rc7 19.Nb4 Bc8 20.c3 O-O 21.h4 Kh8 22.Nd3 Qa7 23.Kh2 Rg8
24.f4 Bd7 25.Qe2 Rc4 26.Qh5 Rg7 27.Qf3 Bc6 28.Nb4 Bb7 29.Qe3 Qa8 30.Re2 Rg8
31.Rd1 Rd8 32.f5 Rg8 33.Rd4 d5 34.fxe6 Bd6 35.Kh1 fxe6 36.exd5 Be5 37.Rxc4 bxc4
38.Qh6 Rg6 39.Qh5 Bxg3 40.dxe6 Be5 41.Rxe5 Bxg2+ 42.Kh2 Qb8 43.e7 fxe5 44.Nxa6 Qe8
45.Qxe5+ Rg7 46.Qb8 Bc6  0-1

[Event "AUT-ch"]
[Site "?"]
[Date "1993.??.??"]
[Round "7"]
[White "Schumi, Manfred"]
[Black "Klinger, Josef"]
[Result "0-1"]
[WhiteElo "2255"]
[BlackElo "2435"]

1.e4 c5 2.Nf3 Nc6 3.Nc3 e5 4.Bc4 d6 5.d3 Be7 6.O-O Nf6 7.Ng5 O-O 8.f4 Bg4
9.Qe1 Nd4 10.fxe5 dxe5 11.Qh4 h6 12.Nxf7 Rxf7 13.Bxf7+ Kxf7 14.Qxg4 Nxc2
15.Rb1 Qd4+ 16.Kh1 Qxd3 17.Qd1 Rd8 18.Qxd3 Rxd3 19.Rf2 Nd4 20.Rd2 Rxd2 21.Bxd2 Ke6
22.Be3 b5 23.Bxd4 cxd4 24.Nxb5 Nxe4 25.Re1 Nf2+ 26.Kg1 Nd3 27.Nxd4+ Kd5 28.Nf5 Nxe1
29.Nxe7+ Ke4 30.Kf1 Nd3 31.Nc6 a6 32.b3 Ke3 33.b4 e4 34.a4 Kd2 35.b5 e3 36.Nd4 a5
37.b6 Nc5 38.g4 Kd3 39.Ne2 Ke4 40.Kg2 Kd5 41.Kf3 Kc6 42.Nc3 Kxb6 43.Kxe3 Ne6
44.Ne4 Kc6 45.h4 Kd5 46.Ng3 Kc4 47.Ke4 Nc5+ 48.Kf5 Nxa4 49.Ne2 Nc5 50.Kg6 Nd3
51.Kxg7 a4 52.g5 hxg5 53.h5 a3  0-1

[Event "AUT-ch"]
[Site "?"]
[Date "1993.??.??"]
[Round "9"]
[White "Lendwai, Reinhard"]
[Black "Wittmann, Walter"]
[Result "1/2-1/2"]
[WhiteElo "2425"]
[BlackElo "2410"]

1.e4 c5 2.Ne2 Nc6 3.Nbc3 d6 4.g3 e6 5.Bg2 Nf6 6.O-O Be7 7.h3 O-O 8.d3 Rb8
9.Bf4 b5 10.g4 a6 11.Bh2 Qb6 12.Ng3 Bb7 13.Kh1 Rbd8 14.g5 Ne8 15.f4 Nd4 16.Nce2 Nxe2
17.Qxe2 d5 18.h4 dxe4 19.dxe4 Nd6 20.h5 g6 21.b3 Rd7 22.Rf2 Rfd8 23.Raf1 c4
24.Bg1 Qc7 25.Qg4 cxb3 26.cxb3 Bf8 27.hxg6 hxg6 28.f5 exf5 29.exf5 Bxg2+
30.Rxg2 Nxf5 31.Nxf5 gxf5 32.Rxf5 Rd6 33.Qh5 Qb7 34.Rf3 Bg7 35.Rh3 Rd1 36.g6 Qe4
37.gxf7+ Kf8 38.Qe2 Qc6 39.Qg4 Rxg1+ 40.Kxg1 Qc1+ 41.Kh2 Be5+ 42.Rhg3 Qh6+
43.Qh3 Bxg3+ 44.Rxg3 Rd2+ 45.Rg2 Rxg2+ 46.Kxg2  1/2-1/2

[Event "AUT-chT"]
[Site "?"]
[Date "1993.??.??"]
[Round "?"]
[White "Ciric, Dragoljub M"]
[Black "Brestian, Egon"]
[Result "1/2-1/2"]
[WhiteElo "2385"]
[BlackElo "2450"]

1.e4 c5 2.Nf3 Nc6 3.Nc3 g6 4.d4 cxd4 5.Nxd4 Bg7 6.Be3 d6 7.Bc4 Nf6 8.h3 O-O
9.O-O Na5 10.Bd3 e5 11.Nb3 Be6 12.Nxa5 Qxa5 13.Qd2 Nh5 14.Nb5 Qxd2 15.Bxd2 Rfd8
16.Be3 a6 17.Nc7 Rac8 18.Nxe6 fxe6 19.c3 d5 20.exd5 exd5 21.Rfd1 Nf4 22.Bxf4 exf4
23.Be2 d4 24.Bg4 Rc6 25.Rd3 Rcd6 26.Rad1 b5 27.cxd4 Rxd4 28.Rxd4 Rxd4 29.Rxd4 Bxd4  1/2-1/2

[Event "AUT-chT"]
[Site "?"]
[Date "1993.??.??"]
[Round "?"]
[White "Druckenthaner, Andreas"]
[Black "Klinger, Josef"]
[Result "1/2-1/2"]
[WhiteElo "2290"]
[BlackElo "2445"]

1.e4 c5 2.Nf3 Nc6 3.Nc3 d6 4.d4 cxd4 5.Nxd4 e5 6.Nf3 Be6 7.Ng5 Nf6 8.Nxe6 fxe6
9.g3 Be7 10.Bh3 Qd7 11.O-O O-O 12.Nd5 Nxe4 13.Qg4 Nc5 14.b4 exd5 15.bxc5 Qxg4
16.Bxg4 Kf7 17.cxd6 Bxd6 18.Rd1 d4 19.c3 Bc5 20.cxd4 Bxd4 21.Rb1 Rab8 22.Ba3 Rfd8
23.Kg2 Bb6 24.Bd6 Ra8 25.Bc7 Rxd1 26.Bxd1  1/2-1/2

[Event "AUT-chT"]
[Site "?"]
[Date "1993.??.??"]
[Round "?"]
[White "Kindermann, Stefan"]
[Black "Kwatschewsky, Leo"]
[Result "1-0"]
[WhiteElo "2495"]
[BlackElo "2315"]

1.e4 c5 2.Nc3 Nc6 3.Nge2 d6 4.d4 cxd4 5.Nxd4 Nf6 6.Be2 e5 7.Nf3 h6 8.O-O Be7
9.Re1 Be6 10.Bf1 Rc8 11.Nd5 Bg4 12.c3 Nxd5 13.exd5 Nb8 14.Qa4+ Bd7 15.Qxa7 b5
16.Qb7 O-O 17.Bxb5 Rc7 18.Qb6 Bxb5 19.Qxb5 f5 20.Qe2 Bf6 21.a4 Nd7 22.Rd1 Qa8
23.Qc2 Bd8 24.a5 Nc5 25.Be3 Ne4 26.Bb6 Rcf7 27.Bxd8 Rxd8 28.b4 Rc8 29.c4 Rb7
30.Rab1 Rcb8 31.Nh4 Rxb4 32.Rxb4 Rxb4 33.Nxf5 Nc5 34.Ne7+ Kh8 35.Nc6 Rb3
36.Rb1 Qb7 37.Rxb3 Nxb3 38.g3 Nd4 39.Qa2 Nf3+ 40.Kg2 e4 41.a6 Qd7 42.a7 Nh4+
43.Kf1 Qh3+ 44.Ke2 Qg4+ 45.Kd2 Qg5+ 46.Kc2 Nf3 47.a8=Q+ Kh7 48.Q2a5  1-0

[Event "AUT-chT"]
[Site "?"]
[Date "1993.??.??"]
[Round "?"]
[White "Keitlinghaus, Ludger"]
[Black "Tolnai, Tibor"]
[Result "1/2-1/2"]
[WhiteElo "2460"]
[BlackElo "2495"]

1.e4 c5 2.Nc3 Nc6 3.Bb5 Nd4 4.a4 a6 5.Bc4 e6 6.Nf3 Nxf3+ 7.Qxf3 Ne7 8.b3 Nc6
9.Bb2 Be7 10.Ne2 Bf6 11.Bxf6 Qxf6 12.Qxf6 gxf6 13.O-O b6 14.Nf4 Bb7 15.f3 Rg8
16.Rae1 Kf8 17.Be2 Rd8 18.Nh5 Ke7 19.Nf4 Ne5 20.Nd3 Nxd3 21.Bxd3 h6 22.Rf2 a5
23.Re3 Rg5 24.f4 Rg7 25.Be2 Bc6 26.d3 Rdg8 27.Bf3 Rd8 28.Re1 d5 29.exd5 Bxd5
30.Bxd5 Rxd5 31.Re3 h5 32.Kf1 Rg4 33.Ke2 Kd6 34.Re4 Rd4 35.Ke3 Rd5 36.Ke2 f5
37.Re3 Ke7 38.Kf1 Rd8 39.Kg1 h4 40.Kf1 Kf6 41.Ke2 Rdg8 42.Kf1 Ke7 43.Ref3 Kd6
44.c4 Ke7 45.Kg1 Kf6 46.Kf1 Re8 47.Re2 e5 48.h3 Rg6 49.fxe5+ Rxe5 50.Re4 Rg3
51.Rxg3 fxe4 52.Re3 exd3 53.Rxd3 Kg5 54.Kf2 Re6 55.g3 hxg3+ 56.Kxg3 Re4 57.Kf3 Rh4
58.Kg3 Re4 59.Kf3 Rh4 60.Kg2 Rd4 61.Rg3+ Kf5 62.Rf3+ Ke6 63.Re3+ Kf5 64.Rf3+ Ke6
65.Re3+ Kf5  1/2-1/2

[Event "AUT-chT2S 9293"]
[Site "AUT"]
[Date "1993.??.??"]
[Round "?"]
[White "Kosanski, Stanko"]
[Black "Mikac, Matjaz"]
[Result "1/2-1/2"]
[WhiteElo "2415"]
[BlackElo "2390"]

1.e4 c5 2.Nf3 Nc6 3.Nc3 g6 4.d4 cxd4 5.Nxd4 Bg7 6.Nde2 d6 7.g3 Nf6 8.Bg2 O-O
9.O-O Bd7 10.h3 Rb8 11.a4 a6 12.Nd5 b5 13.axb5 axb5 14.Bg5 Nxd5 15.exd5 Ne5  1/2-1/2

[Event "AUT-chT2S 9293"]
[Site "AUT"]
[Date "1993.??.??"]
[Round "?"]
[White "Brod, Manfred"]
[Black "Pils, Walter"]
[Result "0-1"]
[WhiteElo "2220"]
[BlackElo "2360"]

1.e4 c5 2.Nc3 Nc6 3.Nge2 d6 4.d4 cxd4 5.Nxd4 e5 6.Nf3 Nf6 7.Be2 Be7 8.O-O h6
9.Re1 O-O 10.h3 a6 11.Bf1 b5 12.a4 b4 13.Nd5 Nxd5 14.exd5 Nb8 15.a5 Bf5 16.Bd2 Qc7
17.Bxb4 Qb7 18.c3 Bg6 19.g3 f5 20.Bc4 Kh7 21.Nxe5 dxe5 22.d6 Bf6 23.Bd5 Nc6
24.Qa4 Rfc8 25.Rad1 Qd7 26.Qa2 Re8 27.Bxc6 Qxc6 28.d7 Re6 29.Rd5 Rd8 30.Red1 Bf7
31.Qb1 e4 32.Rd6 Qb7 33.Rxe6 Bxe6 34.Rd6 Bb3 35.Qf1 Rxd7 36.Rxd7 Qxd7 37.Qxa6 Qd3
38.Qd6 Bd5 39.Qf4 e3 40.g4 Qd1+  0-1

[Event "AUT-chT2S 9293"]
[Site "AUT"]
[Date "1993.??.??"]
[Round "?"]
[White "Fahrner, Kurt"]
[Black "Wittmann, Walter"]
[Result "0-1"]
[WhiteElo "2265"]
[BlackElo "2400"]

1.e4 c5 2.Nc3 Nc6 3.Nge2 d6 4.d4 cxd4 5.Nxd4 Nf6 6.Bc4 Qb6 7.Ndb5 a6 8.Be3 Qa5
9.Nd4 Ng4 10.Nxc6 bxc6 11.Qf3 Ne5 12.Qe2 Nxc4 13.Qxc4 Bd7 14.O-O-O e6 15.Bf4 Qc7
16.Rd3 f6 17.Kb1 e5 18.Bc1 Qc8 19.f4 Rb8 20.Rg3 Be6 21.Qd3 Qb7 22.b3 Qb6
23.Rd1 Qa5 24.f5 Bf7 25.Bb2 Rd8 26.Qe2 g5 27.Rgd3 Be7 28.Na4 Kf8 29.h4 h6
30.Rh3 Kg7 31.hxg5 hxg5 32.Rdh1 Rxh3 33.Rxh3 Rh8 34.Bc1 d5 35.Nb2 dxe4 36.Qxe4 Bd5
37.Qe2 Rxh3 38.gxh3 Qb6 39.Nd3 Qg1 40.Kb2 e4 41.Ne1 Bd6 42.Ng2 Be5+ 43.Kb1 Qh2
44.h4 e3 45.hxg5 Qxg2 46.gxf6+ Kxf6 47.Qxe3 Kxf5 48.Qc5 Bf6 49.a4 Qe4 50.Bb2 Bxb2
51.Kxb2 Qe5+ 52.Kb1 Be4 53.Qf8+ Kg5 54.Qg8+ Kf4 55.Qc4 Ke3 56.Ka2 a5 57.Qf1 Qc3
58.Qg1+ Kd2 59.Qh2+ Kd1 60.Qh5+ Bf3 61.Qh6 Qxc2+ 62.Ka3 Qc5+ 63.Kb2 Qd4+
64.Ka2 Qd2+ 65.Qxd2+ Kxd2 66.b4 axb4 67.Kb3 c5  0-1

[Event "Balatonbereny op"]
[Site "Balatonbereny"]
[Date "1993.??.??"]
[Round "1"]
[White "Eismont, Oleg"]
[Black "Dekker, Andries"]
[Result "1-0"]
[WhiteElo "2440"]
[BlackElo "2205"]

1.e4 c5 2.Nc3 Nc6 3.Nf3 g6 4.d4 cxd4 5.Nxd4 Bg7 6.Be3 Nf6 7.Bc4 O-O 8.O-O Nxe4
9.Bxf7+ Rxf7 10.Nxe4 d6 11.c4 h6 12.Rc1 Qa5 13.Nc3 Bd7 14.Nb3 Qf5 15.c5 Ne5
16.Nd4 Qd3 17.cxd6 Bg4 18.Qb3 exd6 19.h3 Bd7 20.Qxb7 Bc6 21.Qb3 Bb7 22.Rfd1 Qc4
23.Ncb5 Qxb3 24.Nxb3 Rd7 25.Rxd6 Rxd6 26.Nxd6 Bd5 27.Rc7 Nc6 28.Nc8 Rb8 29.Rxc6  1-0

[Event "JUG-chT (Women)"]
[Site "Becici"]
[Date "1993.??.??"]
[Round "?"]
[White "Stankovic, Marija"]
[Black "Bjelajac Prokopovic, Olivera"]
[Result "1/2-1/2"]
[WhiteElo "2120"]
[BlackElo "2125"]

1.e4 c5 2.Ne2 Nc6 3.Nbc3 Nf6 4.g3 d5 5.exd5 Nxd5 6.Bg2 e6 7.O-O Nxc3 8.Nxc3 Be7
9.d3 a6 10.Re1 O-O 11.Ne4 f5 12.Nd2 Bf6 13.Nc4 Qc7 14.a4 Bd7 15.a5 Rae8 16.Be3 Nd8
17.f4  1/2-1/2

[Event "JUG-chT2"]
[Site "Becici"]
[Date "1993.??.??"]
[Round "?"]
[White "Gavric, Miladin"]
[Black "Jelic, Goran"]
[Result "0-1"]
[WhiteElo "2325"]
[BlackElo "2330"]

1.e4 c5 2.Nf3 Nc6 3.Nc3 g6 4.d4 cxd4 5.Nxd4 Bg7 6.Nb3 Nf6 7.Be2 O-O 8.O-O d6
9.Bg5 a6 10.a4 Be6 11.f4 Na5 12.Nxa5 Qxa5 13.Kh1 Rfe8 14.Bf3 Bc4 15.Re1 Qb4
16.Rb1 Rad8 17.f5 a5 18.Bd2 Qc5 19.Be3 Qc7 20.b3 Ba6 21.Bd4 e5 22.fxe6 fxe6
23.Na2 Nd7 24.Bxg7 Kxg7 25.c4 Ne5 26.Nc3 Rf8 27.Rf1 Qc5 28.Qd2 Rf6 29.Ne2 b6
30.Rbd1 Nc6 31.Nd4 Nxd4 32.Qxd4 Qxd4 33.Rxd4 e5 34.Rd3 Kf7 35.Kg1 Ke7 36.Re1 Kd7
37.Kf2 Kc7 38.Ke3 Bc8 39.Kd2 Bb7 40.Kc3 Bc6 41.Rde3 Rf4 42.Rd1 Rh4 43.h3 Rf4
44.Kd3 Rdf8 45.Rde1 Bd7 46.Be2 R8f7 47.Rg3 R7f6 48.Rf3 g5 49.Rxf4 gxf4 50.Bf3 Kc6
51.Kc3 Rg6 52.Kd3 Rg5 53.Rh1 Kc5 54.Kc3 Rg3 55.Rh2 Be8 56.Rh1 Bh5  0-1

[Event "JUG-chT2"]
[Site "Becici"]
[Date "1993.??.??"]
[Round "2"]
[White "Todorovic, Goran M"]
[Black "Kosanovic, Dragan"]
[Result "1-0"]
[WhiteElo "2445"]
[BlackElo "2320"]

1.e4 c5 2.Nf3 Nc6 3.Nc3 Nf6 4.Bb5 Nd4 5.e5 Nxb5 6.Nxb5 Nd5 7.O-O e6 8.c4 Nb6
9.d4 Be7 10.dxc5 Nxc4 11.Qd4 a6 12.Nd6+ Nxd6 13.cxd6 Bf8 14.Bg5 Qa5 15.Rfc1 h6
16.Qa7  1-0

[Event "JUG-chT2"]
[Site "Becici"]
[Date "1993.??.??"]
[Round "6"]
[White "Doric, Nenad"]
[Black "Indjic, Dusan"]
[Result "1-0"]
[WhiteElo "2250"]
[BlackElo "2395"]

1.e4 c5 2.Nf3 Nc6 3.Nc3 d6 4.d4 cxd4 5.Nxd4 Nf6 6.Bg5 Bd7 7.Be2 Qa5 8.Bxf6 gxf6
9.Nb3 Qg5 10.g3 f5 11.f4 Qg7 12.exf5 Bxf5 13.Bd3 Bg4 14.Be2 h5 15.Qd2 O-O-O
16.O-O-O e6 17.Qe3 Kb8 18.Bxg4 hxg4 19.Nb5 Rh5 20.a4 Be7 21.Kb1 a6 22.N5d4 Nxd4
23.Nxd4 Bf6 24.Nc6+ bxc6 25.Qb6+ Kc8 26.Qxc6+ Kb8 27.Rd3  1-0

[Event "Benasque op"]
[Site "Benasque"]
[Date "1993.??.??"]
[Round "9"]
[White "Westerinen, Heikki MJ"]
[Black "Komljenovic, Davor"]
[Result "0-1"]
[WhiteElo "2385"]
[BlackElo "2450"]

1.e4 c5 2.Nc3 Nc6 3.Nge2 g6 4.g3 Bg7 5.Bg2 d6 6.O-O e6 7.d3 Nge7 8.Be3 Nd4
9.Rb1 O-O 10.b4 Nxe2+ 11.Nxe2 cxb4 12.Rxb4 d5 13.c4 dxc4 14.Rxc4 b6 15.Ra4 Bd7
16.Ra3 Nc6 17.Qd2 Qe7 18.Rb3 Na5 19.Rbb1 Rac8 20.Bd4 Bxd4 21.Nxd4 Rfd8 22.Rfc1 e5
23.Nb3 Nxb3 24.Rxb3 Rxc1+ 25.Qxc1 Be6 26.Rc3 Bxa2 27.Rc7 Rd7 28.Rc8+ Kg7
29.Qb2 Be6 30.Qxe5+ f6 31.Qa1 Rxd3 32.Ra8 Ra3 33.Qd1 Qd7 34.Qb1 Qd4 35.Qc2 Ra2
36.Qc7+ Bf7 37.Qf4 Ra1+ 38.Bf1 Qc4  0-1